Music Quiz

Random Music or Artist Quiz

Bands & Musicians by Song: 'F' Quiz Stats

 Plays Quiz Updated Aug 24, 2017

Score 0/20 Timer 05:00
2 Plays Today
% Correct
Franklin, Aretha - Respect
90.9%
Fergie - Fergalicious
86.2%
Fleetwood Mac - Go Your Own Way
82.3%
Frankie Goes to Hollywood - Relax
72%
The Four Seasons - Sherry
69.8%
Foo Fighters - Everlong
68.1%
Foreigner - I Want To Know What Love Is
66.7%
fun. - We Are Young
64.5%
The Fugees - Ready or Not
60.6%
Franz Ferdinand - Take Me Out
58.2%
% Correct
Furtado, Nelly - Say It Right
58%
Flo Rida - My House
57.3%
Fat Joe - Ballin'
56.2%
Fitzgerald, Ella - Love Is Here to Stay
55.6%
The Fray - How to Save a Life
54.5%
The Fifth Dimension - Aquarius
47.4%
Fatboy Slim - Rockafeller Skank
46.4%
Faith No More - Easy
45.7%
Francis, Connie - Everybody's Somebody's Fool
43.7%
Fatback Band - I Found Lovin'
40.8%

You're not logged in!

Compare scores with friends on all Sporcle quizzes.
OR
Log In

You Might Also Like...

Show Comments

Extras

Top Quizzes Today


Score Distribution

Your Account Isn't Verified!

In order to create a playlist on Sporcle, you need to verify the email address you used during registration. Go to your Sporcle Settings to finish the process.

Report this User

Report this user for behavior that violates our Community Guidelines.

Details: